000 00568nam a2200217Ia 4500
003 OSt
005 20220928150736.0
006 a|||||r|||| 00| 0
007 ta
008 220927b |||||||| |||| 00| 0 eng d
024 _a100448
037 _cTextual
040 _aSDCL
_cSDCL
_beng
041 _2eng
_aeng
082 _aP15:3v, 152L3.1
100 _aMimansak Yudhishtar
_9516283
245 0 _aSanskrit vayakaran sastra ka itihas.
260 _c1973
942 _hP15:3v, 152L3.1
_cTEXL
_2CC
999 _c844628
_d844628